书目信息 |
| 题名: |
维京人那些事
|
|
| 作者: | 斯库拉·安德森著 绘 | |
| 分册: | 1 十三级 | |
| 出版信息: | 北京 外语教学与研究出版社 2021.10 |
|
| 页数: | 31页 | |
| 开本: | 20cm | |
| 丛书名: | ||
| 单 册: | ||
| 中图分类: | H319.4 | |
| 科图分类: | ||
| 主题词: | 英语 | |
| 电子资源: | ||
| ISBN: | 978-7-5213-3000-7 | |
| 000 | 00796nam0 2200241 450 | |
| 001 | 2637778196 | |
| 005 | 20260626103022.91 | |
| 010 | @a978-7-5213-3000-7 | |
| 100 | @a20260625d2021 km y0chiy0120 ea | |
| 101 | 0 | @achi |
| 102 | @aCN@b110000 | |
| 200 | 1 | @a维京人那些事@AWei Jing Ren Na Xie Shi@e大猫英语分级阅读@h1@i十三级@f(英)斯库拉·安德森著绘@F(Ying)Si Ku La·An De Sen Zhu Hui |
| 210 | @a北京@c外语教学与研究出版社@d2021.10 | |
| 215 | @a31页@d20cm | |
| 300 | @a适合初中二、三年级 | |
| 503 | @n河南城建学院图书馆 | |
| 517 | 1 | @a大猫英语分级阅读@ADa Mao Ying Yu Fen Ji Yue Du |
| 517 | 1 | @a十三级@AShi San Ji |
| 606 | 0 | @a英语 |
| 690 | @aH319.4@v4 | |
| 701 | 0 | @a斯库拉·安德森著@ASi Ku La·An De Sen Zhu@4绘 |
| 801 | 0 | @aCN@b河南城建学院图书馆@c20260625 |
| 905 | @dH319.4@eS70917:13:1 | |
| 维京人那些事:大猫英语分级阅读.1.十三级/(英)斯库拉·安德森著绘.-北京:外语教学与研究出版社,2021.10 |
| 31页;20cm |
| 适合初中二、三年级 |
| ISBN 978-7-5213-3000-7: |
| ● |
| 相关链接 |
|
|
|
正题名:维京人那些事
索取号:H319.4/S70917:13:1
 
预约/预借
| 序号 | 登录号 | 条形码 | 馆藏地/架位号 | 状态 | 备注 |
| 1 | 1557245 | 215572459 | 外国语学院资料室/ [索取号:H319.4/S70917:13:1] | 在馆 |